| 000 | 00569nam a22001697a 4500 | ||
|---|---|---|---|
| 999 |
_c63981 _d63981 |
||
| 005 | 20260302175620.0 | ||
| 008 | 260302s2019 enk||||| |||| 00| 0 eng d | ||
| 020 | _a9781787382749x | ||
| 041 | _aeng | ||
| 080 | _a614 S-23 | ||
| 100 |
_a Sasakawa, Yohei _927037 |
||
| 245 |
_aNo Matter Where the Journey Takes Me: _bOne Man's Quest for a Leprosy-Free World / _cTranslated by R. Muroji. |
||
| 264 |
_aLondon : _b Hurst, _c2019. |
||
| 300 |
_a228 p.: _bill.; _c24 cm. |
||
| 700 |
_aMuroji, R. _eმთარგგმნელი _927038 |
||
| 942 |
_2udc _cᲬᲘᲒᲜᲘ |
||